000 00481nam a2200181Ia 4500
005 20250508155504.0
008 008 250505s9999 xx 000 0 eng d
037 _aTextual
040 _aFEDL
_beng
_cFEDL
041 _aeng
_2eng
084 _a370.954, PAR
_qFEDL
100 _aParulekar R V
_9240522
245 0 _aLiteracy of India in pre - British days
300 _a48p
650 _aEducation
942 _cTEXL
_h370.954, PAR
999 _c1357244
_d1357244